[Event "POR-ch U14/20"]
[Site "Fatima"]
[Date "2022.04.12"]
[Round "5"]
[White "De Medeiros, Sara Soares"]
[Black "Cabete, Manuel"]
[Result "1-0"]
[WhiteElo "1828"]
[BlackElo "1233"]
[PlyCount "49"]
[EventDate "2022.04.10"]
[EventType "swiss"]
[EventRounds "9"]
[EventCountry "POR"]
[SourceTitle "EXT 2023"]
[Source "ChessBase"]
[SourceDate "2022.10.05"]
[SourceVersion "1"]
[SourceVersionDate "2022.10.05"]
[SourceQuality "1"]

1. d4 Nf6 2. c4 e6 3. Nf3 d5 4. Bg5 Be7 5. Nc3 0-0 6. cxd5 exd5 7. e3 Bf5 8. Qb3 Nc6 9. Bxf6 Bxf6 10. Nxd5 Be6 11. Nxf6+ Qxf6 12. Qc3 Bd5 13. Be2 Rfe8 14. 0-0 Qg6 15. Ne1 Rad8 16. Bf3 Bxf3 17. Nxf3 Rd5 18. Rfd1 Re4 19. Qd3 Qe6 20. Rac1 Rg4 21. a3 Rxg2+ 22. Kxg2 Qg4+ 23. Kf1 Qxf3 24. e4 Qh1+ 25. Ke2 1-0

[Event "POR-ch U14/20"]
[Site "Fatima"]
[Date "2022.04.11"]
[Round "2"]
[White "Guia, Artur Solovyov Eloy"]
[Black "De Medeiros, Sara Soares"]
[Result "1-0"]
[WhiteElo "1932"]
[BlackElo "1828"]
[PlyCount "119"]
[EventDate "2022.04.10"]
[EventType "swiss"]
[EventRounds "9"]
[EventCountry "POR"]
[SourceTitle "EXT 2023"]
[Source "ChessBase"]
[SourceDate "2022.10.05"]
[SourceVersion "1"]
[SourceVersionDate "2022.10.05"]
[SourceQuality "1"]

1. Nf3 Nf6 2. b3 d5 3. e3 c5 4. Bb2 Nc6 5. Bb5 Bg4 6. Bxc6+ bxc6 7. d3 e6 8. Nbd2 Be7 9. 0-0 0-0 10. Qe1 Bh5 11. Ne5 Qc7 12. f4 Nd7 13. Nxd7 Qxd7 14. Qg3 f6 15. Qh3 Bf7 16. Rf3 Rad8 17. Rg3 Bg6 18. Nf3 Bf5 19. Qh4 Qc7 20. Re1 e5 21. Qh5 Bg6 22. Qh3 exf4 23. exf4 Bd6 24. f5 Bxg3 25. fxg6 Bxh2+ 26. Nxh2 hxg6 27. Qe6+ Qf7 28. Qxc6 Rc8 29. Qd6 Rfd8 30. Qe7 Re8 31. Qxf7+ Kxf7 32. Kf2 Rxe1 33. Kxe1 a5 34. Nf1 a4 35. Ne3 Ke6 36. Ba3 axb3 37. axb3 Ke5 38. Kf2 Ke6 39. Kf3 Ke5 40. Ng4+ Ke6 41. Nf2 Ke5 42. Ke3 Ke6 43. Nh3 g5 44. Ng1 Kf5 45. Ne2 Re8+ 46. Kf2 Rc8 47. Nc3 Ke6 48. Na4 c4 49. dxc4 dxc4 50. Nb6 Rc6 51. Nxc4 f5 52. Bc1 f4 53. Ba3 g6 54. Kf3 Kf5 55. Nd6+ Ke6 56. c4 Ra6 57. Nb5 Kf5 58. g4+ Ke5 59. Bb2+ Ke6 60. Nc7+ 1-0

[Event "Joao Pessoa de Assis Memorial 1st"]
[Site "Joao Pessoa"]
[Date "2019.11.16"]
[Round "4"]
[White "Da Silva Araujo, Gabriel Victor"]
[Black "De Medeiros, Sara Soares"]
[Result "1/2-1/2"]
[WhiteElo "2013"]
[BlackElo "1749"]
[PlyCount "105"]
[EventDate "2019.11.15"]
[EventType "swiss"]
[EventRounds "6"]
[EventCountry "BRA"]
[SourceTitle "CBM 193 Extra"]
[Source "ChessBase"]
[SourceDate "2020.01.31"]
[SourceVersion "1"]
[SourceVersionDate "2020.01.31"]
[SourceQuality "1"]

1. d4 d5 2. c4 e6 3. g3 Nf6 4. Bg2 Be7 5. Nc3 h6 6. Nf3 0-0 7. 0-0 b6 8. Re1 Bb7 9. b3 Nbd7 10. Bb2 c5 11. cxd5 exd5 12. Rc1 Rc8 13. Bh3 a6 14. e3 Rc7 15. Ne5 Nxe5 16. dxe5 Nh7 17. Bg2 d4 18. exd4 Bxg2 19. Kxg2 cxd4 20. Nb1 Rxc1 21. Bxc1 Ng5 22. Bxg5 Bxg5 23. Qd3 b5 24. Re4 Qa8 25. h4 f5 26. exf6 Bxf6 27. Kg1 Qc6 28. Re2 Re8 29. Rxe8+ Qxe8 30. Kg2 Qc6+ 31. Kh2 a5 32. Kg1 a4 33. Kh2 Kf7 34. Kg1 Ke6 35. Kh2 Qd5 36. Kg1 Qf5 37. Qe2+ Kd6 38. Nd2 d3 39. Ne4+ Ke5 40. Qxd3 Qxe4 41. Qxb5+ Ke6 42. Qe8+ Be7 43. bxa4 Kf6 44. Qb5 Qe5 45. Qb6+ Qe6 46. Qb2+ Kf7 47. Qb5 Qxa2 48. a5 Qc2 49. a6 Bc5 50. Qb7+ Kg6 51. Qf3 Kh7 52. Kg2 Bb6 53. Kg1 1/2-1/2

[Event "Joao Pessoa de Assis Memorial 1st"]
[Site "Joao Pessoa"]
[Date "2019.11.15"]
[Round "2"]
[White "Lima, Fagner da Silva"]
[Black "De Medeiros, Sara Soares"]
[Result "0-1"]
[WhiteElo "1918"]
[BlackElo "1749"]
[PlyCount "82"]
[EventDate "2019.11.15"]
[EventType "swiss"]
[EventRounds "6"]
[EventCountry "BRA"]
[SourceTitle "CBM 193 Extra"]
[Source "ChessBase"]
[SourceDate "2020.01.31"]
[SourceVersion "1"]
[SourceVersionDate "2020.01.31"]
[SourceQuality "1"]

1. e4 e6 2. d4 d5 3. Nd2 c5 4. Ngf3 Nc6 5. c3 Nf6 6. e5 Nd7 7. Bd3 Be7 8. 0-0 0-0 9. Re1 f6 10. exf6 Nxf6 11. Nf1 Qb6 12. Ng3 Kh8 13. Bc2 cxd4 14. cxd4 Bd7 15. a3 a5 16. Rb1 Ng4 17. Qd3 g6 18. h3 Nxf2 19. Kxf2 Bh4 20. Ke2 Bxg3 21. Rd1 e5 22. Qb3 Nxd4+ 23. Rxd4 Qxb3 24. Bxb3 exd4 25. Bh6 Bb5+ 26. Kd2 Bf4+ 27. Bxf4 Rxf4 28. Bxd5 Re8 29. Re1 Rxe1 30. Kxe1 Bc6 31. Bxc6 bxc6 32. Kd2 c5 33. Kd3 Kg7 34. b3 Kf6 35. Nd2 Ke6 36. Kc4 Rf2 37. Ne4 Rc2+ 38. Kd3 Rxg2 39. Nxc5+ Ke5 40. Ne4 Rh2 41. Ng5 Kf5 0-1

[Event "Recife Arraes Memorial 12th"]
[Site "Recife"]
[Date "2019.08.31"]
[Round "4"]
[White "De Medeiros, Sara Soares"]
[Black "Nobre, Jose Adalberto Barb"]
[Result "1-0"]
[WhiteElo "1814"]
[BlackElo "1603"]
[PlyCount "75"]
[EventDate "2019.08.30"]
[EventType "swiss"]
[EventRounds "6"]
[EventCountry "BRA"]
[SourceTitle "EXT 2020"]
[Source "ChessBase"]
[SourceDate "2019.10.17"]
[SourceVersion "1"]
[SourceVersionDate "2019.10.17"]
[SourceQuality "1"]

1. d4 Nf6 2. Bf4 g6 3. e3 Bg7 4. Bd3 0-0 5. Nf3 d6 6. h3 Nbd7 7. 0-0 c5 8. c3 Nd5 9. Bh2 cxd4 10. exd4 N7f6 11. Na3 a6 12. Nc2 b5 13. a4 bxa4 14. Rxa4 Qb6 15. Qa1 Bd7 16. Ra5 Rfb8 17. c4 Qb3 18. Ra3 Qxb2 19. cxd5 Nxd5 20. Rxa6 Rxa6 21. Qxa6 Bb5 22. Bxb5 Qxb5 23. Qxb5 Rxb5 24. Ne3 Nc3 25. Ra1 Rb8 26. Kf1 Bf6 27. Ng4 Kg7 28. Nxf6 Kxf6 29. Bf4 Kf5 30. Bd2 Ne4 31. g4+ Kf6 32. Re1 Nxd2+ 33. Nxd2 e6 34. Ne4+ Ke7 35. g5 Rb3 36. Re3 Rb6 37. h4 h5 38. Nf6 1-0

[Event "Natal Potiguar op 11th"]
[Site "Natal"]
[Date "2019.06.09"]
[Round "5"]
[White "De Lima, Alan Silva"]
[Black "De Medeiros, Sara Soares"]
[Result "0-1"]
[WhiteElo "1936"]
[BlackElo "1711"]
[PlyCount "80"]
[EventDate "2019.06.07"]
[EventType "swiss"]
[EventRounds "6"]
[EventCountry "BRA"]
[SourceTitle "EXT 2020"]
[Source "ChessBase"]
[SourceDate "2019.10.17"]
[SourceVersion "1"]
[SourceVersionDate "2019.10.17"]
[SourceQuality "1"]

1. c4 e5 2. g3 Nf6 3. Bg2 Bc5 4. d3 0-0 5. Nf3 Nc6 6. 0-0 d6 7. Qb3 Rb8 8. Ng5 Nd4 9. Qd1 Bg4 10. Nc3 a6 11. Qd2 b5 12. cxb5 axb5 13. e3 Ne6 14. Nxe6 fxe6 15. d4 exd4 16. exd4 Ba7 17. h3 Bf5 18. Re1 Qd7 19. g4 Bg6 20. g5 Nh5 21. Qd1 e5 22. Be3 Nf4 23. dxe5 Bxe3 24. Rxe3 Qf5 25. exd6 Nxg2 26. Rf3 Qxf3 27. Qxf3 Rxf3 28. dxc7 Rc8 29. Nxb5 Nf4 30. Rd1 Rd3 31. Re1 Nd5 32. Rc1 Be4 33. Re1 Nxc7 34. Rc1 Nxb5 35. Rxc8+ Kf7 36. a4 Nd4 37. f4 Rf3 38. Rc7+ Ke6 39. f5+ Rxf5 40. Kh2 Ne2 0-1

[Event "Natal Potiguar op 11th"]
[Site "Natal"]
[Date "2019.06.09"]
[Round "6"]
[White "De Medeiros, Sara Soares"]
[Black "Barreto, Ignacio C de Barro"]
[Result "1-0"]
[WhiteElo "1711"]
[BlackElo "2141"]
[PlyCount "77"]
[EventDate "2019.06.07"]
[EventType "swiss"]
[EventRounds "6"]
[EventCountry "BRA"]
[SourceTitle "EXT 2020"]
[Source "ChessBase"]
[SourceDate "2019.10.17"]
[SourceVersion "1"]
[SourceVersionDate "2019.10.17"]
[SourceQuality "1"]

1. d4 d6 2. e3 g6 3. Bd3 Bg7 4. Nf3 f5 5. Nbd2 e5 6. dxe5 dxe5 7. e4 Nc6 8. 0-0 f4 9. Bb5 Nge7 10. Qe2 a6 11. Bc4 Bg4 12. c3 Nc8 13. h3 Bd7 14. Bd5 Qe7 15. b4 g5 16. a4 h5 17. Ba3 g4 18. Nh2 f3 19. gxf3 Qh4 20. Kh1 Bh6 21. Rg1 Bf4 22. Ndf1 Qxh3 23. Bc1 N8e7 24. Qd3 h4 25. Bf7+ Kxf7 26. Qxd7 Rag8 27. Bxf4 exf4 28. fxg4 Ne5 29. Qxc7 Nxg4 30. Qxf4+ Nf6 31. Ne3 Ng6 32. Qc7+ Ne7 33. Qc4+ Kf8 34. e5 Nh5 35. Neg4 Ng3+ 36. fxg3 hxg3 37. Qf4+ Ke8 38. Rxg3 Rxg4 39. Rxh3 1-0